Coaches of the Best NBA Defensive Teams Ever Since 2000 - Statistics

General Stats
  • This quiz has been taken 16 times
  • The average score is 18 of 25
Answer Stats
Team Coach % Correct
08 Celtics Doc Rivers
93%
11 Celtics Doc Rivers
93%
12 Celtics Doc Rivers
93%
09 Celtics Doc Rivers
93%
04 Spurs Gregg Popovich
93%
16 Spurs Gregg Popovich
93%
16 Spurs Gregg Popovich
93%
07 Spurs Gregg Popovich
93%
06 Spurs Gregg Popovich
93%
11 Bulls Tom Thibodeau
87%
12 Bulls Tom Thibodeau
87%
14 Bulls Tom Thibodeau
87%
20 Bucks Mike Budenholzer
80%
00 Lakers Phil Jackson
80%
04 Pistons Larry Brown
73%
09 Cavaliers Mike Brown
73%
25 Thunder Mark Daigneault
67%
24 Timberwolves Chris Finch
53%
14 Pacers Frank Vogel
53%
13 Pacers Frank Vogel
53%
07 Rockets Jeff Van Gundy
47%
09 Magic Stan Van Gundy
47%
08 Rockets Rick Adelman
27%
07 Bulls Scott Skiles
20%
05 Bulls Scott Skiles
20%
No matching quizzes found
Score Distribution
Percent of People with Each Score
Percentile by Number Answered
Your Score History
You have not taken this quiz